Applied Architecture Patterns On The Microsoft Platform (Record no. 327369)
[ view plain ]
| 000 -LEADER | |
|---|---|
| fixed length control field | 00607nam a2200169Ia 4500 |
| 008 - FIXED-LENGTH DATA ELEMENTS--GENERAL INFORMATION | |
| fixed length control field | 230718s9999 xx 000 0 und d |
| 020 ## - INTERNATIONAL STANDARD BOOK NUMBER | |
| International Standard Book Number | 9789350232088 |
| 041 ## - LANGUAGE CODE | |
| Language code of text/sound track or separate title | eng |
| 082 ## - DEWEY DECIMAL CLASSIFICATION NUMBER | |
| Classification number | 004.65 |
| Item number | SER |
| 100 ## - MAIN ENTRY--PERSONAL NAME | |
| Personal name | Seroter R. |
| 9 (RLIN) | 170545 |
| 245 ## - TITLE STATEMENT | |
| Title | Applied Architecture Patterns On The Microsoft Platform |
| Remainder of title | An In-Depth, Scenario Driven Approach To Architecting Systems Using Microsoft Technologies |
| 260 ## - PUBLICATION, DISTRIBUTION, ETC. (IMPRINT) | |
| Date of publication, distribution, etc. | 2010 |
| Name of publisher, distributor, etc. | Packt Pub. |
| 300 ## - PHYSICAL DESCRIPTION | |
| Extent | 518 |
| 365 ## - TRADE PRICE | |
| Currency code | Rs. |
| Price amount | 500.00 |
| 700 ## - ADDED ENTRY--PERSONAL NAME | |
| Personal name | Seroter R., Fairweather E., Thomas S.W. & Sexton M. |
| 9 (RLIN) | 191860 |
| 906 ## - LOCAL DATA ELEMENT F, LDF (RLIN) | |
| d | O:0159128-Feb-2011B:703303-Feb-2011 |
| c | COMP |
| b | 125 |
| Withdrawn status | Lost status | Damaged status | Not for loan | Home library | Current library | Date acquired | Vendor | Budget Code | Cost, normal purchase price | Bill number | Total Checkouts | Full call number | Barcode | Date last seen | Discount | Cost, replacement price | Bill Date | Koha item type | Original Barcode |
|---|---|---|---|---|---|---|---|---|---|---|---|---|---|---|---|---|---|---|---|
| Cummins College of Engineering for Women Pune | Cummins College of Engineering for Women Pune | 28/02/2011 | Tbs | COMP | 375.00 | 7033 | 004.65 | CCEP-BK-38576 | 18/07/2023 | 125 | 500.00 | 03/02/2011 | Books | 038576 |